000 01197nam a22003251a 4500
001 85081570 /AC
005 20200320175109.0
008 850912s1986 nyua j 00010 eng
010 _a 85081570 /AC
020 _a0307119262 (pbk.) :
_c$1.50
020 _a0307619265 (lib. bdg.)
035 _a()4872
050 0 _aPE1597
_b.S27 1986
082 0 _a428.1
_219
100 1 _aScarry, Richard.
_97389
240 1 0 _aSplish-splash sounds
245 1 0 _aRichard Scarry's splish-splash sounds.
260 _aNew York :
_bGolden Book ;
_aRacine, Wis. :
_bWestern Pub. Co.,
_cc1986.
300 _a[24] p. :
_bcol. ill. ;
_c21 cm.
490 0 _aA Golden look-look book
520 _aBrief text and labeled illustrations introduce sounds associated with different machines, animals, people, and activities.
650 0 _aEnglish language
_xOnomatopoeic words.
_983379
650 0 _aSounds, Words for.
_991834
650 1 _aSound.
_991823
740 0 _aSplish-splash sounds.
942 _cBOOK
_056
948 _a05/11/2004
_zSirsi
949 1 0 _b34301000104085
_cE
_dSCA
_p639
_mWCL
_nWCL
_tBK
996 _a4872
_b34301000104085
_cE
_dBK
_eWCL
_fi
_g56
_h6.39
_mSca
_p03/18/1999
_q01/03/2019
_r12/11/2018
999 _c254230
_d254230